| 000 | 01380 a2200277 4500 | ||
|---|---|---|---|
| 003 | Nust | ||
| 005 | 20230824082457.0 | ||
| 010 | _a 99029981 | ||
| 020 | _c0471056693 (alk. paper) | ||
| 040 | _cNust | ||
| 082 | 0 | 0 | _a006.4,DUD |
| 100 | 1 |
_aDuda, Richard O. _995532 |
|
| 245 | 1 | 0 |
_aPattern classification / _cRichard O. Duda, Peter E. Hart, David G. Stork. |
| 250 | _a2nd ed. | ||
| 260 |
_aNew York : _bWiley, _cc2001. |
||
| 300 |
_axx, 654 p. : _bill. ; _c27 cm. |
||
| 505 | _aIntroduction (Pag1), Bayesian Decision Theory (Page-20), Maximum-likelihood and Bayesian parameter estimation (Page-84), Non parametric Techniques (Page-161), Linear Discriminant Function (Page-215), Multi layer Neural Networks (Page-282), Stochastic Methods (Page- 350), Non metric Methods (Page-394), Algorithms - Independent Machine Learning (Page-453),Unsupervised Learning and Clustering (Page-517). | ||
| 650 | 0 |
_aPattern recognition systems. _927998 |
|
| 650 | 0 |
_aStatistical decision. _923511 |
|
| 700 | 1 |
_aHart, Peter E. _d1941- _995533 |
|
| 700 | 1 |
_aStork, David G. _977751 |
|
| 856 | 4 | 2 |
_3Contributor biographical information _uhttp://www.loc.gov/catdir/bios/wiley041/99029981.html |
| 856 | 4 | 2 |
_3Publisher description _uhttp://www.loc.gov/catdir/description/wiley032/99029981.html |
| 856 | 4 | 2 |
_3Table of Contents _uhttp://www.loc.gov/catdir/toc/onix03/99029981.html |
| 942 |
_2ddc _cBK |
||
| 999 |
_c175462 _d175462 |
||